Länder, in denen Homosexualität illegal ist - Statistiken

Allgemein
  • Dieses Quiz wurde 750 mal gespielt
  • Das Durchschnittsergebnis liegt bei 35 aus 69
Antwortstatistiken
Höchststrafe Land % Korrekt
? Irak
90%
Männer: TodFrauen: 100 Peitschenhiebe Iran
90%
Tod Saudi-Arabien
88%
3 Jahre Ägypten
83%
15 Jahre Afghanistan
81%
Lebenslänglich * Pakistan
81%
3 Jahre Marokko
79%
Tod Jemen
78%
3 Jahre Syrien
78%
3 Jahre Algerien
77%
5 Jahre Katar
77%
Tod * Nigeria
76%
3 Jahre Oman
75%
Lebenslänglich Sudan
73%
Freiheitsstrafe Vereinigte Arabische Emirate
72%
3 Jahre Tunesien
71%
5 Jahre Libyen
70%
3 Jahre Somalia
68%
10 Jahre Südsudan
67%
10 Jahre * Bahrain
63%
7 Jahre Kuwait
63%
5 Jahre Senegal
63%
3 Jahre Äthiopien
62%
? Tschad
62%
? * Ghana
60%
14 Jahre * Kenia
60%
2 Jahre * Turkmenistan
60%
3 Jahre Eritrea
58%
3 Jahre * Usbekistan
58%
Tod Mauretanien
57%
3 Jahre Guinea
56%
3 Jahre Togo
56%
20 Jahre Uganda
56%
14 Jahre Tansania
55%
14 Jahre Gambia
53%
5 Jahre Kamerun
53%
soll abgeschafft werden Namibia
49%
14 Jahre Sambia
49%
Geldstrafe Liberia
47%
3 Jahre * Simbabwe
47%
2 Jahre Zentralafrikanische Republik
47%
Lebenslänglich Bangladesch
46%
2 Jahre Burundi
46%
20 Jahre Malaysia
44%
Tod Brunei
43%
Lebenslänglich Myanmar
43%
Lebenslänglich * Sierra Leone
43%
5 Jahre Malawi
42%
Freiheitsstrafe * Eswatini
39%
10 Jahre * Malediven
35%
Lebenslänglich Singapur
34%
5 Jahre Komoren
33%
5 Jahre Mauritius
33%
10 Jahre Sri Lanka
33%
14 Jahre * Papua-Neuguinea
23%
14 Jahre * Tuvalu
22%
10 Jahre * Jamaika
21%
7 Jahre Samoa
21%
10 Jahre * Tonga
21%
10 Jahre * St. Kitts und Nevis
20%
10 Jahre St. Lucia
20%
10 Jahre St. Vincent und die Grenadinen
20%
15 Jahre Antigua und Barbuda
19%
14 Jahre Salomonen
19%
Lebenslänglich Barbados
18%
10 Jahre Dominica
18%
10 Jahre * Grenada
18%
14 Jahre * Kiribati
17%
Lebenslänglich * Guyana
12%
Keine übereinstimmenden Quizze gefunden
Verteilung der Resultate
Anzahl Personen mit jedem Resultat
Perzentil nach korrekt beantworteten Fragen
Ihre Resultats-Entwicklung
Sie haben dieses Quiz noch nicht gespielt